Skutočne ako skutočnosť

Podrobná bibliografia
Hlavný autor: Pohselt, Daniel (Autor)
Médium: Článok
Jazyk:slovenčina
Fyzický popis:Fotogr.
ISSN:1336-9857
Predmet:

MARC

LEADER 00000nab a2200000 ar4500
001 vtls009003595
003 SK-MaSNL
005 20260303065558.0
008 070628c2007 xo mr|p|||||||000 b|slo
015 |a SNBRB2007/06  |2 snkbucl 
038 |a SNKBUCL 
040 |a SNKBUCL  |b slo  |c SNKBUCL  |e AACR2 
041 0 |a slo 
044 |a xo  |c SK 
080 |a 004.94  |2 2001 
100 1 |a Pohselt, Daniel  |4 aut  |9 1065834 
245 1 0 |a Skutočne ako skutočnosť  |c Daniel Pohselt 
300 |b Fotogr. 
650 0 7 |a rozšírená realita  |2 snkbucl  |9 103334 
773 0 |t Revue priemyslu  |g Č. 6 (2007), s. 70-71  |x 1336-9857 
852 |a SNK  |b KIS3GCP 
999 |c 1751779  |d 1753709